000
002600000a22000970004500
100
1
_a
Bradshaw, Bruce
245
1
0
_a
Preventing child explotation through community survival strategies
300
_a
Núm 58 (1998), Páginas 1-5
773
0
_t
Together
942
_c
ANA
999
_c
57125
_d
57125